| 000 -LEADER |
| fixed length control field |
01168cam a22002658i 4500 |
| 001 - CONTROL NUMBER |
| control field |
21119205 |
| 005 - DATE AND TIME OF LATEST TRANSACTION |
| control field |
20220126120949.0 |
| 008 - FIXED-LENGTH DATA ELEMENTS--GENERAL INFORMATION |
| fixed length control field |
190805s2020 nyu b 001 0 eng |
| 020 ## - INTERNATIONAL STANDARD BOOK NUMBER |
| International Standard Book Number |
9780367198053 |
| 041 ## - LANGUAGE CODE |
| Language code of text/sound track or separate title |
eng |
| 080 ## - UNIVERSAL DECIMAL CLASSIFICATION NUMBER |
| Universal Decimal Classification number |
372.2 T-82 |
| 100 1# - MAIN ENTRY--PERSONAL NAME |
| Personal name |
Trawick-Smith, Jeffrey W. |
| 9 (RLIN) |
13462 |
| 245 10 - TITLE STATEMENT |
| Title |
Young children's play : |
| Remainder of title |
development, disabilities, and diversity / |
| Statement of responsibility, etc. |
Jeffrey Trawick-Smith. |
| 264 #1 - PRODUCTION, PUBLICATION, DISTRIBUTION, MANUFACTURE, AND COPYRIGHT NOTICE |
| Place of production, publication, distribution, manufacture |
New York : |
| Name of producer, publisher, distributor, manufacturer |
Routledge, |
| Date of production, publication, distribution, manufacture, or copyright notice |
2020. |
| 300 ## - PHYSICAL DESCRIPTION |
| Extent |
281 pages; |
| Other physical details |
23 cm. |
| 653 ## - INDEX TERM--UNCONTROLLED |
| keyword |
მცირეწლოვანი ბავშვების თამაში |
| 653 ## - INDEX TERM--UNCONTROLLED |
| keyword |
игра с детьми дошкольного возраста |
| 653 ## - INDEX TERM--UNCONTROLLED |
| keyword |
სკოლამდელი ბავშვების განათლება |
| 653 ## - INDEX TERM--UNCONTROLLED |
| keyword |
Дошкольное образование |
| 653 ## - INDEX TERM--UNCONTROLLED |
| keyword |
შეზღუდული შესაძლებლობის მქონე ბავშვები |
| 653 ## - INDEX TERM--UNCONTROLLED |
| keyword |
Дети с ограниченными возможностями |
| 653 ## - INDEX TERM--UNCONTROLLED |
| keyword |
ბავშვის განვითარება |
| 653 ## - INDEX TERM--UNCONTROLLED |
| keyword |
Развитие ребенка |
| 942 ## - ADDED ENTRY ELEMENTS (KOHA) |
| Source of classification or shelving scheme |
|
| Koha item type |
წიგნი |